[Event "Torneio Nacional de Mestres e Honra"]
[Site "Centro de Estagio do Jamor"]
[Date "2019.08.17"]
[Round "7.1"]
[White "Reis, Luis Sousa"]
[Black "Ferreira, Hugo"]
[Result "1-0"]
[BlackElo "2142"]
[WhiteElo "2161"]
[WhiteTeam "Axportugal /Atlantidiagonal"]
[BlackTeam "Ferroviarios do Barreiro"]
[LiveChessVersion "1.4.8"]

1. e4 {[%clk 1:30:45]} d5 {[%clk 1:30:50]} 2. exd5 {[%clk 1:30:17]} Qxd5
{[%clk 1:31:13]} 3. Nc3 {[%clk 1:30:21]} Qd6 {[%clk 1:31:37]} 4. d4
{[%clk 1:28:53]} g6 {[%clk 1:31:56]} 5. Bc4 {[%clk 1:12:31]} Bg7 {[%clk 1:31:53]}
6. Nge2 {[%clk 1:11:48]} e5 {[%clk 1:30:20]} 7. Be3 {[%clk 1:02:27]} exd4
{[%clk 1:21:13]} 8. Nxd4 {[%clk 1:00:39]} Ne7 {[%clk 1:16:56]} 9. Ndb5
{[%clk 0:55:56]} Qc6 {[%clk 0:58:40]} 10. Qe2 {[%clk 0:42:37]} O-O
{[%clk 0:56:53]} 11. O-O {[%clk 0:34:00]} a6 {[%clk 0:55:55]} 12. Na7
{[%clk 0:29:42]} Qe8 {[%clk 0:54:51]} 13. Nxc8 {[%clk 0:27:00]} Nxc8
{[%clk 0:55:11]} 14. Nd5 {[%clk 0:23:44]} Qd7 {[%clk 0:53:44]} 15. Rad1
{[%clk 0:21:01]} Nd6 {[%clk 0:53:42]} 16. Bd4 {[%clk 0:17:57]} Bxd4
{[%clk 0:47:41]} 17. Rxd4 {[%clk 0:17:56]} Kg7 {[%clk 0:48:03]} 18. Nxc7
{[%clk 0:16:39]} Qxc7 {[%clk 0:47:57]} 19. Qe5+ {[%clk 0:16:34]} Kg8
{[%clk 0:48:20]} 20. Qxd6 {[%clk 0:16:46]} Qxd6 {[%clk 0:48:40]} 21. Rxd6
{[%clk 0:17:11]} Nc6 {[%clk 0:49:06]} 22. Bd5 {[%clk 0:14:42]} Rad8
{[%clk 0:44:34]} 23. Rxd8 {[%clk 0:15:00]} Rxd8 {[%clk 0:44:59]} 24. Bxc6
{[%clk 0:14:00]} bxc6 {[%clk 0:45:24]} 25. Rc1 {[%clk 0:14:19]} Kg7
{[%clk 0:45:42]} 26. Kf1 {[%clk 0:14:39]} Kf6 {[%clk 0:46:06]} 27. Ke2
{[%clk 0:14:52]} Rd5 {[%clk 0:45:20]} 28. Rd1 {[%clk 0:12:42]} Re5+
{[%clk 0:45:37]} 29. Kf1 {[%clk 0:13:06]} Rc5 {[%clk 0:46:05]} 30. c3
{[%clk 0:12:44]} Ke7 {[%clk 0:45:58]} 31. Rd4 {[%clk 0:11:28]} Ra5
{[%clk 0:41:50]} 32. a4 {[%clk 0:11:21]} Re5 {[%clk 0:39:09]} 33. f4
{[%clk 0:10:27]} Rc5 {[%clk 0:37:57]} 34. Ke2 {[%clk 0:10:34]} g5
{[%clk 0:37:45]} 35. Kf3 {[%clk 0:09:31]} gxf4 {[%clk 0:37:57]} 36. Kxf4
{[%clk 0:09:45]} Ke6 {[%clk 0:35:54]} 37. g4 {[%clk 0:07:37]} f5 {[%clk 0:36:15]}
38. gxf5+ {[%clk 0:04:04]} Rxf5+ {[%clk 0:36:39]} 39. Ke3 {[%clk 0:04:20]} Rh5
{[%clk 0:36:34]} 40. h4 {[%clk 0:04:33]} c5 {[%clk 0:33:44]} 41. Rg4
{[%clk 0:04:21]} Kd6 {[%clk 0:32:19]} 42. Kd3 {[%clk 0:04:22]} a5
{[%clk 0:30:17]} 43. Kc4 {[%clk 0:04:40]} Kc6 {[%clk 0:30:43]} 44. Rf4
{[%clk 0:04:02]} Rh6 {[%clk 0:31:06]} 45. b3 {[%clk 0:04:07]} Kb6
{[%clk 0:30:53]} 46. Kd5 {[%clk 0:04:23]} Rh5+ {[%clk 0:31:14]} 47. Kd6
{[%clk 0:03:44]} Rh6+ {[%clk 0:31:39]} 48. Ke7 {[%clk 0:03:23]} Rh5
{[%clk 0:31:49]} 49. Ke6 {[%clk 0:02:52]} Kc6 {[%clk 0:31:54]} 50. Rc4
{[%clk 0:02:13]} Kb6 {[%clk 0:31:56]} 51. Kf6 {[%clk 0:02:02]} Kb7
{[%clk 0:29:29]} 52. Kg7 {[%clk 0:01:29]} Kb6 {[%clk 0:29:35]} 53. Rf4
{[%clk 0:01:33]} Kb7 {[%clk 0:29:51]} 54. Rf7+ {[%clk 0:01:30]} Kb8 55. Rf4
{[%clk 0:01:30]} Kb7 {[%clk 0:30:42]} 56. Kg8 {[%clk 0:01:11]} Kc6
{[%clk 0:30:00]} 57. b4 {[%clk 0:00:51]} cxb4 {[%clk 0:29:53]} 58. cxb4
{[%clk 0:01:20]} axb4 {[%clk 0:30:18]} 59. Rxb4 {[%clk 0:01:46]} Kd6
{[%clk 0:29:19]} 60. Kg7 {[%clk 0:01:49]} Ke7 {[%clk 0:28:56]} 61. Rb7+
{[%clk 0:01:08]} Ke8 {[%clk 0:28:45]} 62. Rb4 {[%clk 0:01:22]} Ke7
{[%clk 0:29:10]} 63. Re4+ {[%clk 0:01:41]} Kd6 {[%clk 0:29:04]} 64. Kf6
{[%clk 0:01:57]} Kd5 {[%clk 0:29:08]} 65. Rf4 {[%clk 0:01:37]} Kd6
{[%clk 0:29:31]} 66. Rd4+ {[%clk 0:01:42]} Kc5 {[%clk 0:29:38]} 67. Rg4
{[%clk 0:01:54]} Kd6 {[%clk 0:30:03]} 68. Rb4 {[%clk 0:01:58]} Kc6
{[%clk 0:29:56]} 69. Ke6 Kc7 {[%clk 0:29:49]} 70. Rc4+ {[%clk 0:02:31]} Kb6
{[%clk 0:30:09]} 71. Kd6 {[%clk 0:02:40]} Rh6+ {[%clk 0:30:24]} 72. Kd7
{[%clk 0:02:51]} Rh5 {[%clk 0:30:39]} 73. Kc8 {[%clk 0:03:13]} Rh6
{[%clk 0:30:05]} 74. Rb4+ {[%clk 0:02:52]} Ka5 {[%clk 0:30:06]} 75. Rc4
{[%clk 0:02:25]} Kb6 {[%clk 0:30:31]} 76. Kd7 {[%clk 0:02:44]} Rh5
{[%clk 0:30:49]} 77. Ke6 {[%clk 0:02:58]} Kb7 {[%clk 0:29:52]} 78. Kf6
{[%clk 0:03:19]} Kb6 {[%clk 0:30:18]} 79. Kg7 {[%clk 0:03:43]} Ka5
{[%clk 0:30:01]} 80. Rf4 {[%clk 0:02:49]} Kb6 {[%clk 0:29:38]} 81. Rf6+
{[%clk 0:03:00]} Kc7 {[%clk 0:30:05]} 82. Rf4 {[%clk 0:00:46]} Kd7
{[%clk 0:29:51]} 83. Re4 {[%clk 0:00:50]} Kd6 {[%clk 0:29:56]} 84. a5
{[%clk 0:01:07]} Rxa5 {[%clk 0:29:51]} 85. Kxh7 {[%clk 0:01:31]} Ra1
{[%clk 0:27:37]} 86. h5 {[%clk 0:01:04]} Rh1 {[%clk 0:27:46]} 87. h6
{[%clk 0:01:22]} Rg1 {[%clk 0:27:54]} 88. Re8 {[%clk 0:00:49]} Rg2
{[%clk 0:26:26]} 89. Kh8 {[%clk 0:00:58]} Kd7 {[%clk 0:26:18]} 90. Rg8
{[%clk 0:01:20]} Rh2 {[%clk 0:26:28]} 91. Kg7 {[%clk 0:01:34]} Ke7
{[%clk 0:26:45]} 92. h7 {[%clk 0:01:52]} 1-0

[Event "Torneio Nacional de Mestres e Honra"]
[Site "Centro de Estagio do Jamor"]
[Date "2019.08.17"]
[Round "7.2"]
[White "Rocha, Sergio"]
[Black "Margarido, Jose"]
[Result "1/2-1/2"]
[BlackElo "2135"]
[WhiteElo "2353"]
[WhiteTeam "FC Barreirense"]
[BlackTeam "Profigaia/ Escola Profiss"]
[LiveChessVersion "1.4.8"]

1. c4 {[%clk 1:30:58]} Nf6 {[%clk 1:30:14]} 2. Nc3 {[%clk 1:31:20]} c5
{[%clk 1:30:35]} 3. e4 {[%clk 1:31:14]} Nc6 {[%clk 1:29:40]} 4. Nge2
{[%clk 1:31:31]} e6 {[%clk 1:30:04]} 5. d4 {[%clk 1:29:31]} cxd4 {[%clk 1:30:32]}
6. Nxd4 {[%clk 1:29:54]} Bb4 {[%clk 1:30:57]} 7. Ndb5 {[%clk 1:28:48]} Nxe4
{[%clk 1:23:07]} 8. Qg4 {[%clk 1:28:07]} Nxc3 {[%clk 1:08:58]} 9. bxc3
{[%clk 1:28:17]} Bf8 {[%clk 1:09:20]} 10. Ba3 {[%clk 1:24:21]} Qa5
{[%clk 1:05:30]} 11. Bxf8 {[%clk 1:17:11]} Kxf8 {[%clk 1:05:37]} 12. Qg3
{[%clk 1:17:29]} a6 {[%clk 0:56:07]} 13. Nd6 {[%clk 1:17:24]} Qe5+
{[%clk 0:47:43]} 14. Be2 {[%clk 1:14:41]} Ke7 {[%clk 0:44:55]} 15. Rd1
{[%clk 1:04:44]} Qxg3 {[%clk 0:40:40]} 16. hxg3 {[%clk 1:05:07]} b6
{[%clk 0:40:56]} 17. f4 {[%clk 1:04:38]} Rb8 {[%clk 0:37:07]} 18. Kf2
{[%clk 1:04:29]} Na5 {[%clk 0:33:12]} 19. Rd2 {[%clk 1:01:49]} Nb7
{[%clk 0:24:55]} 20. Nxc8+ {[%clk 0:55:22]} Rhxc8 {[%clk 0:22:29]} 21. Rxh7
{[%clk 0:54:09]} g6 {[%clk 0:19:52]} 22. Bd3 {[%clk 0:51:11]} Rg8
{[%clk 0:16:19]} 23. Rb2 {[%clk 0:50:06]} Nc5 {[%clk 0:16:27]} 24. Bc2
{[%clk 0:49:44]} b5 {[%clk 0:13:48]} 25. Ke3 {[%clk 0:48:05]} d6 {[%clk 0:12:00]}
26. Rb4 {[%clk 0:44:09]} Kf6 {[%clk 0:11:06]} 27. cxb5 {[%clk 0:39:20]} Rxb5
{[%clk 0:11:12]} 28. a4 {[%clk 0:39:34]} Rb7 {[%clk 0:10:44]} 29. Rh1
{[%clk 0:35:58]} Rgb8 {[%clk 0:07:01]} 30. Rhb1 {[%clk 0:36:09]} Ke7
{[%clk 0:06:18]} 31. g4 {[%clk 0:27:14]} Kd7 {[%clk 0:06:20]} 32. g5
{[%clk 0:27:33]} Kc7 {[%clk 0:06:21]} 33. Rxb7+ {[%clk 0:20:22]} Rxb7
{[%clk 0:05:37]} 34. Rxb7+ {[%clk 0:18:29]} Kxb7 {[%clk 0:04:22]} 35. g4
{[%clk 0:18:52]} Kc6 {[%clk 0:04:12]} 36. f5 {[%clk 0:18:57]} exf5
{[%clk 0:03:46]} 37. gxf5 {[%clk 0:19:22]} gxf5 {[%clk 0:02:52]} 38. Kf4
{[%clk 0:18:15]} Kd7 {[%clk 0:02:54]} 39. Kxf5 {[%clk 0:16:14]} Ke7
{[%clk 0:03:24]} 40. a5 {[%clk 0:15:28]} Ne6 {[%clk 0:01:36]} 41. Bd3
{[%clk 0:13:23]} Nc5 {[%clk 0:01:46]} 42. Bc4 {[%clk 0:11:25]} Nb7
{[%clk 0:01:39]} 43. Bd5 {[%clk 0:09:00]} Nc5 {[%clk 0:01:55]} 44. Ba2
{[%clk 0:06:49]} Na4 {[%clk 0:01:19]} 45. Bb3 {[%clk 0:06:09]} Nc5
{[%clk 0:01:07]} 46. Bc4 {[%clk 0:06:19]} Nb7 {[%clk 0:01:04]} 47. Ke4
{[%clk 0:05:20]} Nc5+ {[%clk 0:01:09]} 48. Kf4 {[%clk 0:03:57]} Ke8
{[%clk 0:00:48]} 49. Kf5 {[%clk 0:03:50]} Ke7 {[%clk 0:01:17]} 50. Be2
{[%clk 0:03:35]} Nb3 {[%clk 0:01:14]} 51. Bf3 {[%clk 0:03:30]} Nc5
{[%clk 0:01:03]} 52. Bd5 {[%clk 0:03:47]} Nd7 {[%clk 0:00:57]} 53. Bc4
{[%clk 0:01:37]} Nc5 {[%clk 0:01:09]} 54. Bf1 {[%clk 0:01:42]} Nb3
{[%clk 0:01:09]} 55. Ke4 1/2-1/2

[Event "Torneio Nacional de Mestres e Honra"]
[Site "Centro de Estagio do Jamor"]
[Date "2019.08.17"]
[Round "7.3"]
[White "Fidalgo, Daniel"]
[Black "Fernandes, Miguel"]
[Result "1-0"]
[BlackElo "2108"]
[WhiteElo "2089"]
[WhiteTeam "Santoantoniense FC"]
[BlackTeam "Aa Coimbra"]
[LiveChessVersion "1.4.8"]

1. c4 {[%clk 1:30:57]} e5 {[%clk 1:30:52]} 2. g3 {[%clk 1:31:22]} Nf6
{[%clk 1:31:12]} 3. Bg2 {[%clk 1:31:41]} d6 {[%clk 1:31:27]} 4. Nc3
{[%clk 1:31:54]} Be7 {[%clk 1:31:45]} 5. Nf3 {[%clk 1:27:48]} O-O
{[%clk 1:31:38]} 6. d4 {[%clk 1:27:13]} Nbd7 {[%clk 1:30:42]} 7. O-O
{[%clk 1:27:15]} c6 {[%clk 1:30:10]} 8. e4 {[%clk 1:23:53]} exd4 {[%clk 1:25:52]}
9. Nxd4 {[%clk 1:23:58]} a6 {[%clk 1:24:24]} 10. h3 {[%clk 1:21:00]} g6
{[%clk 1:19:26]} 11. Be3 {[%clk 1:17:08]} Re8 {[%clk 1:19:09]} 12. Re1
{[%clk 1:16:51]} Bf8 {[%clk 1:19:16]} 13. f4 {[%clk 1:16:59]} Qc7
{[%clk 1:17:30]} 14. Qd2 {[%clk 1:11:37]} Rb8 {[%clk 1:10:51]} 15. Rac1
{[%clk 1:09:40]} a5 {[%clk 1:02:56]} 16. Bf2 {[%clk 1:07:20]} Ra8
{[%clk 1:02:49]} 17. b3 {[%clk 1:06:28]} Nc5 {[%clk 1:02:22]} 18. Rcd1
{[%clk 1:05:56]} Bd7 {[%clk 0:58:42]} 19. g4 {[%clk 0:59:27]} Rad8
{[%clk 0:56:18]} 20. Bh4 {[%clk 0:56:13]} Bg7 {[%clk 0:54:59]} 21. Qf2
{[%clk 0:56:16]} Bc8 {[%clk 0:51:47]} 22. e5 {[%clk 0:52:09]} dxe5
{[%clk 0:51:30]} 23. fxe5 {[%clk 0:52:31]} Rxd4 {[%clk 0:50:48]} 24. Qxd4
{[%clk 0:52:04]} Nfd7 {[%clk 0:51:04]} 25. Bf6 {[%clk 0:51:45]} Ne6
{[%clk 0:48:18]} 26. Qf2 {[%clk 0:50:52]} Bf8 {[%clk 0:47:48]} 27. Ne4
{[%clk 0:50:14]} Bb4 {[%clk 0:45:57]} 28. Rf1 {[%clk 0:50:25]} Rf8
{[%clk 0:45:57]} 29. Kh1 {[%clk 0:49:54]} Nxe5 {[%clk 0:45:23]} 30. Qg3
{[%clk 0:47:29]} Nd7 {[%clk 0:45:47]} 31. Qxc7 {[%clk 0:47:18]} Nxc7
{[%clk 0:46:11]} 32. Bg5 {[%clk 0:42:47]} Ne6 {[%clk 0:45:29]} 33. Bh6
{[%clk 0:41:40]} Rd8 {[%clk 0:44:23]} 34. Rd3 {[%clk 0:41:27]} Be7
{[%clk 0:42:32]} 35. Bd2 {[%clk 0:41:12]} Bb4 {[%clk 0:41:49]} 36. Bxb4
{[%clk 0:41:17]} axb4 {[%clk 0:42:13]} 37. Rfd1 {[%clk 0:40:27]} Kf8
{[%clk 0:40:16]} 38. Nd6 {[%clk 0:38:15]} Ndc5 {[%clk 0:40:28]} 39. R3d2
{[%clk 0:38:31]} Ke7 {[%clk 0:39:57]} 40. Ne4 {[%clk 0:37:07]} Rxd2
{[%clk 0:38:15]} 41. Rxd2 {[%clk 0:37:10]} Nxe4 {[%clk 0:38:26]} 42. Bxe4
{[%clk 0:37:39]} Nc5 {[%clk 0:38:12]} 43. Bc2 {[%clk 0:38:02]} Be6
{[%clk 0:36:47]} 44. Kg2 {[%clk 0:38:13]} f5 {[%clk 0:32:11]} 45. gxf5
{[%clk 0:38:11]} gxf5 {[%clk 0:32:19]} 46. Kf3 {[%clk 0:38:29]} Kf6
{[%clk 0:32:03]} 47. Rd4 {[%clk 0:38:07]} h5 {[%clk 0:31:10]} 48. Rd8
{[%clk 0:37:42]} Kg5 {[%clk 0:29:14]} 49. Rd1 {[%clk 0:37:43]} h4
{[%clk 0:27:52]} 50. Ke3 {[%clk 0:36:02]} Ne4 {[%clk 0:22:45]} 51. Bxe4
{[%clk 0:33:11]} fxe4 {[%clk 0:23:10]} 52. Rg1+ {[%clk 0:33:21]} Kf6
{[%clk 0:23:35]} 53. Kf4 {[%clk 0:31:15]} b6 {[%clk 0:17:45]} 54. Rf1
{[%clk 0:30:11]} Bxh3 {[%clk 0:17:41]} 55. Rh1 {[%clk 0:30:33]} Bg2
{[%clk 0:17:50]} 56. Rxh4 {[%clk 0:30:56]} Ke6 {[%clk 0:17:51]} 57. Rh2
{[%clk 0:26:51]} Bf3 {[%clk 0:18:13]} 58. Rd2 {[%clk 0:27:15]} Ke7
{[%clk 0:18:05]} 59. Ke3 {[%clk 0:26:25]} Bh1 {[%clk 0:18:00]} 60. Rh2
{[%clk 0:26:04]} Bf3 {[%clk 0:18:24]} 61. Rd2 {[%clk 0:23:51]} Bh1
{[%clk 0:18:42]} 62. Kd4 {[%clk 0:23:41]} Bf3 {[%clk 0:17:27]} 63. c5
{[%clk 0:23:47]} bxc5+ {[%clk 0:15:02]} 64. Kxc5 {[%clk 0:24:15]} e3
{[%clk 0:15:15]} 65. Rd3 {[%clk 0:24:39]} e2 {[%clk 0:15:40]} 66. Re3+
{[%clk 0:25:06]} Kd7 {[%clk 0:15:50]} 67. Kxb4 {[%clk 0:25:31]} Kd6
{[%clk 0:16:14]} 68. Kc3 {[%clk 0:25:33]} Kc5 {[%clk 0:16:25]} 69. Kd2
{[%clk 0:25:41]} Bg4 {[%clk 0:16:33]} 70. Rg3 {[%clk 0:26:02]} 1-0

[Event "Torneio Nacional de Mestres e Honra"]
[Site "Centro de Estagio do Jamor"]
[Date "2019.08.17"]
[Round "7.4"]
[White "Rodrigues, Afonso"]
[Black "Eggert, Alberto"]
[Result "0-1"]
[BlackElo "2103"]
[WhiteElo "2134"]
[WhiteTeam "A.Xat - Montemor-O-Novo"]
[BlackTeam "Amadora Xadrez"]
[LiveChessVersion "1.4.8"]

1. d4 {[%clk 1:30:58]} Nf6 {[%clk 1:29:17]} 2. Bf4 {[%clk 1:31:19]} d6
{[%clk 1:29:24]} 3. e3 {[%clk 1:31:43]} g6 {[%clk 1:29:39]} 4. Nf3
{[%clk 1:32:06]} Bg7 {[%clk 1:29:56]} 5. Be2 {[%clk 1:32:21]} O-O
{[%clk 1:30:04]} 6. h3 {[%clk 1:32:28]} c5 {[%clk 1:25:28]} 7. c3
{[%clk 1:32:38]} b6 {[%clk 1:20:08]} 8. O-O {[%clk 1:32:49]} Bb7 {[%clk 1:20:31]}
9. Bh2 {[%clk 1:31:47]} Nbd7 {[%clk 1:20:33]} 10. a4 {[%clk 1:30:08]} a6
{[%clk 1:17:50]} 11. Nbd2 {[%clk 1:26:26]} Re8 {[%clk 1:17:52]} 12. b4
{[%clk 1:10:30]} cxb4 {[%clk 0:57:22]} 13. cxb4 {[%clk 1:10:47]} Rc8
{[%clk 0:52:05]} 14. Qb3 {[%clk 0:58:32]} e5 {[%clk 0:35:04]} 15. Rfc1
{[%clk 0:49:22]} e4 {[%clk 0:21:59]} 16. Ne1 {[%clk 0:46:53]} Qe7
{[%clk 0:22:03]} 17. Nc4 {[%clk 0:41:17]} Qe6 {[%clk 0:19:28]} 18. Qb2
{[%clk 0:40:46]} Bf8 {[%clk 0:19:42]} 19. Na3 {[%clk 0:20:11]} g5
{[%clk 0:11:11]} 20. Bg3 {[%clk 0:10:59]} Nd5 {[%clk 0:09:01]} 21. Bc4
{[%clk 0:07:02]} Kg7 {[%clk 0:08:20]} 22. Qe2 {[%clk 0:07:02]} Nb8
{[%clk 0:08:43]} 23. Rc2 {[%clk 0:06:12]} Qd7 {[%clk 0:09:00]} 24. b5
{[%clk 0:05:17]} a5 {[%clk 0:09:16]} 25. Bxd5 {[%clk 0:04:35]} Bxd5
{[%clk 0:09:25]} 26. Nc4 {[%clk 0:04:48]} Bxc4 {[%clk 0:08:58]} 27. Rxc4
{[%clk 0:05:16]} d5 {[%clk 0:06:28]} 28. Rxc8 {[%clk 0:04:53]} Rxc8
{[%clk 0:06:33]} 29. Bxb8 {[%clk 0:03:48]} Rxb8 {[%clk 0:06:57]} 30. Rc1
{[%clk 0:04:12]} Rc8 {[%clk 0:06:27]} 31. Rxc8 {[%clk 0:04:07]} Qxc8
{[%clk 0:06:52]} 32. Qc2 {[%clk 0:04:33]} Qc4 {[%clk 0:03:46]} 33. Qxc4
{[%clk 0:03:10]} dxc4 {[%clk 0:04:10]} 34. g4 {[%clk 0:03:13]} f5
{[%clk 0:02:35]} 35. gxf5 {[%clk 0:02:58]} Kf6 {[%clk 0:03:00]} 36. f3
{[%clk 0:02:05]} Kxf5 {[%clk 0:03:21]} 37. Kf2 {[%clk 0:02:33]} h6
{[%clk 0:01:57]} 38. Ke2 {[%clk 0:02:59]} Bb4 {[%clk 0:02:13]} 39. Nc2
{[%clk 0:03:26]} Bd6 {[%clk 0:02:15]} 40. Ne1 {[%clk 0:02:38]} Ba3
{[%clk 0:01:31]} 41. Nc2 {[%clk 0:02:19]} Bd6 {[%clk 0:01:18]} 42. Ne1
{[%clk 0:02:13]} h5 {[%clk 0:01:11]} 43. fxe4+ {[%clk 0:00:50]} Kxe4
{[%clk 0:01:37]} 44. Nf3 {[%clk 0:01:11]} g4 {[%clk 0:01:02]} 45. hxg4
{[%clk 0:01:23]} hxg4 {[%clk 0:01:24]} 46. Nd2+ {[%clk 0:00:38]} Kd5
{[%clk 0:01:47]} 47. Kd1 {[%clk 0:00:33]} c3 {[%clk 0:01:15]} 48. Nb3
{[%clk 0:00:35]} g3 {[%clk 0:00:42]} 49. Ke2 {[%clk 0:01:03]} Ke4
{[%clk 0:00:50]} 50. Nc1 {[%clk 0:01:20]} g2 {[%clk 0:00:36]} 51. Kf2
{[%clk 0:01:44]} g1=Q+ {[%clk 0:00:54]} 52. Kxg1 {[%clk 0:02:10]} Kxe3
{[%clk 0:01:17]} 53. Nb3 {[%clk 0:01:19]} Kd3 {[%clk 0:01:31]} 54. d5
{[%clk 0:01:37]} Kc2 {[%clk 0:01:36]} 55. Nd4+ {[%clk 0:02:04]} Kd3
{[%clk 0:01:49]} 56. Nb3 {[%clk 0:02:32]} Kc4 {[%clk 0:02:00]} 0-1

[Event "Torneio Nacional de Mestres e Honra"]
[Site "Centro de Estagio do Jamor"]
[Date "2019.08.17"]
[Round "7.5"]
[White "Dias, Paulo"]
[Black "Fidalgo, Andre"]
[Result "0-1"]
[BlackElo "2261"]
[WhiteElo "2314"]
[WhiteTeam "A.Xat - Montemor-O-Novo"]
[BlackTeam "Santoantoniense FC"]
[LiveChessVersion "1.4.8"]

1. d4 {[%clk 1:30:49]} Nf6 {[%clk 1:30:52]} 2. g3 {[%clk 1:29:36]} g6
{[%clk 1:31:15]} 3. Bg2 {[%clk 1:29:58]} Bg7 {[%clk 1:31:40]} 4. e4
{[%clk 1:29:03]} d6 {[%clk 1:31:41]} 5. Nc3 {[%clk 1:28:08]} O-O {[%clk 1:31:58]}
6. Nge2 {[%clk 1:27:46]} c6 {[%clk 1:30:24]} 7. h3 {[%clk 1:23:49]} e5
{[%clk 1:29:58]} 8. O-O {[%clk 1:21:38]} Re8 {[%clk 1:29:26]} 9. Be3
{[%clk 1:17:50]} Nbd7 {[%clk 1:25:36]} 10. f4 {[%clk 1:11:28]} exf4
{[%clk 1:21:05]} 11. Bxf4 {[%clk 1:08:38]} Nb6 {[%clk 1:17:03]} 12. g4
{[%clk 1:05:52]} h5 {[%clk 1:13:30]} 13. g5 {[%clk 0:50:53]} Nh7 {[%clk 1:13:48]}
14. h4 {[%clk 0:50:47]} Nf8 {[%clk 1:08:14]} 15. Qd3 {[%clk 0:47:20]} Bg4
{[%clk 1:04:36]} 16. Rae1 {[%clk 0:44:07]} Ne6 {[%clk 1:03:38]} 17. Be3
{[%clk 0:41:47]} Rc8 {[%clk 1:01:25]} 18. Nf4 {[%clk 0:39:26]} Nxf4
{[%clk 0:53:24]} 19. Rxf4 {[%clk 0:32:43]} d5 {[%clk 0:47:20]} 20. e5
{[%clk 0:30:56]} Nc4 {[%clk 0:47:28]} 21. b3 {[%clk 0:29:07]} Nxe3
{[%clk 0:45:12]} 22. Qxe3 {[%clk 0:29:27]} Be6 {[%clk 0:45:29]} 23. Ref1
{[%clk 0:23:13]} Qa5 {[%clk 0:41:47]} 24. a4 {[%clk 0:18:03]} a6 {[%clk 0:38:03]}
25. Bh3 {[%clk 0:17:06]} Bxh3 {[%clk 0:32:13]} 26. Qxh3 {[%clk 0:17:34]} Rc7
{[%clk 0:32:35]} 27. Qf3 {[%clk 0:10:33]} Qb4 {[%clk 0:32:26]} 28. Ne2
{[%clk 0:10:03]} Qe7 {[%clk 0:27:29]} 29. c3 {[%clk 0:08:21]} a5 {[%clk 0:26:56]}
30. Nc1 {[%clk 0:08:03]} b6 {[%clk 0:25:23]} 31. Nd3 {[%clk 0:08:13]} Qe6
{[%clk 0:25:46]} 32. Qe3 {[%clk 0:05:24]} Rec8 {[%clk 0:25:58]} 33. R1f3
{[%clk 0:04:19]} c5 {[%clk 0:25:27]} 34. dxc5 {[%clk 0:03:37]} bxc5
{[%clk 0:25:51]} 35. c4 {[%clk 0:03:36]} Re8 {[%clk 0:24:53]} 36. Nxc5
{[%clk 0:00:36]} Qxe5 {[%clk 0:24:34]} 37. Na6 {[%clk 0:00:35]} Qa1+
{[%clk 0:24:46]} 38. Rf1 {[%clk 0:00:37]} Rxe3 {[%clk 0:24:55]} 39. Rxa1
{[%clk 0:01:01]} Ra7 {[%clk 0:18:49]} 40. Raf1 {[%clk 0:00:34]} Rxa6
{[%clk 0:19:14]} 41. Rxf7 {[%clk 0:00:52]} dxc4 {[%clk 0:19:09]} 42. bxc4
{[%clk 0:01:07]} Re4 {[%clk 0:11:32]} 43. Rc7 {[%clk 0:01:30]} Rg4+
{[%clk 0:11:49]} 44. Kh1 {[%clk 0:01:47]} Rxh4+ {[%clk 0:12:03]} 45. Kg2
{[%clk 0:02:12]} Rh2+ {[%clk 0:11:31]} 46. Kf3 {[%clk 0:01:59]} Ra8
{[%clk 0:10:06]} 47. Ke4 {[%clk 0:00:47]} Rd2 {[%clk 0:07:42]} 48. Rb1
{[%clk 0:00:34]} Rd4+ {[%clk 0:07:01]} 49. Kf3 {[%clk 0:01:03]} Rf8+
{[%clk 0:07:18]} 50. Ke3 {[%clk 0:01:25]} Re8+ {[%clk 0:07:37]} 51. Kf3
{[%clk 0:01:49]} Rd3+ {[%clk 0:07:47]} 52. Kg2 {[%clk 0:01:55]} Re2+
{[%clk 0:06:43]} 53. Kf1 {[%clk 0:02:23]} Ra2 {[%clk 0:06:45]} 54. Rb8+
{[%clk 0:00:42]} Bf8 {[%clk 0:06:52]} 0-1

[Event "Torneio Nacional de Mestres e Honra"]
[Site "Centro de Estagio do Jamor"]
[Date "2019.08.17"]
[Round "7.6"]
[White "Aguiar, Carlos"]
[Black "Bartolo, Filipe"]
[Result "0-1"]
[BlackElo "1705"]
[WhiteElo "1821"]
[WhiteTeam "Gx Alekhine"]
[BlackTeam "Gx Alekhine"]
[LiveChessVersion "1.4.8"]

1. d4 {[%clk 1:30:57]} Nf6 {[%clk 1:30:04]} 2. Bg5 {[%clk 1:31:17]} e6
{[%clk 1:27:41]} 3. Nf3 {[%clk 1:31:03]} d5 {[%clk 1:27:20]} 4. e3
{[%clk 1:31:24]} c6 {[%clk 1:26:48]} 5. Bd3 {[%clk 1:31:40]} Nbd7
{[%clk 1:25:39]} 6. Nbd2 {[%clk 1:31:49]} Be7 {[%clk 1:25:33]} 7. O-O
{[%clk 1:32:05]} O-O {[%clk 1:25:58]} 8. c3 {[%clk 1:32:27]} Ne8 {[%clk 1:24:08]}
9. Bf4 {[%clk 1:31:56]} f5 {[%clk 1:24:05]} 10. c4 {[%clk 1:31:39]} Ndf6
{[%clk 1:22:59]} 11. Ne5 {[%clk 1:31:35]} Nd6 {[%clk 1:22:28]} 12. f3
{[%clk 1:29:54]} dxc4 {[%clk 1:19:24]} 13. Ndxc4 {[%clk 1:28:09]} Nxc4
{[%clk 1:19:47]} 14. Bxc4 {[%clk 1:27:15]} Nd5 {[%clk 1:20:01]} 15. Bxd5
{[%clk 1:27:29]} exd5 {[%clk 1:20:13]} 16. Nd3 {[%clk 1:27:11]} b6
{[%clk 1:05:38]} 17. Rc1 {[%clk 1:26:32]} Qe8 {[%clk 1:03:50]} 18. Ne5
{[%clk 1:25:32]} Bb7 {[%clk 1:03:38]} 19. Qd2 {[%clk 1:15:11]} c5
{[%clk 0:58:28]} 20. b3 {[%clk 1:14:19]} g5 {[%clk 0:53:32]} 21. Bg3
{[%clk 1:14:24]} cxd4 {[%clk 0:53:19]} 22. exd4 {[%clk 1:14:10]} f4
{[%clk 0:53:30]} 23. Bf2 {[%clk 1:14:21]} Bd6 {[%clk 0:53:43]} 24. Rfe1
{[%clk 1:14:31]} Qb5 {[%clk 0:53:39]} 25. h4 {[%clk 1:11:48]} Bb4
{[%clk 0:53:20]} 26. Qe2 {[%clk 1:11:48]} Ba6 {[%clk 0:51:39]} 27. Qxb5
{[%clk 0:56:51]} Bxb5 {[%clk 0:52:00]} 28. Rc7 {[%clk 0:56:03]} Bxe1
{[%clk 0:52:15]} 29. Bxe1 {[%clk 0:56:32]} Rac8 {[%clk 0:48:41]} 30. Rxa7
{[%clk 0:53:29]} Rc1 {[%clk 0:49:02]} 31. hxg5 {[%clk 0:49:41]} Rxe1+
{[%clk 0:49:25]} 32. Kh2 {[%clk 0:46:41]} Be8 {[%clk 0:38:01]} 33. Ng4
{[%clk 0:46:32]} Re6 {[%clk 0:28:03]} 34. a4 {[%clk 0:43:02]} Rf5
{[%clk 0:23:01]} 35. Nf6+ {[%clk 0:42:36]} Rfxf6 {[%clk 0:22:54]} 36. gxf6
{[%clk 0:42:51]} Rxf6 {[%clk 0:23:12]} 37. b4 {[%clk 0:42:51]} Rc6
{[%clk 0:19:43]} 38. Rb7 {[%clk 0:41:41]} Rc4 {[%clk 0:16:46]} 39. a5
{[%clk 0:40:09]} bxa5 {[%clk 0:15:15]} 40. bxa5 {[%clk 0:40:23]} Ra4
{[%clk 0:15:20]} 41. Kh3 {[%clk 0:38:29]} Rxa5 {[%clk 0:15:20]} 42. Kg4
{[%clk 0:38:24]} Ra4 {[%clk 0:15:09]} 43. Kxf4 {[%clk 0:38:23]} Rxd4+
{[%clk 0:15:15]} 44. Ke3 {[%clk 0:38:12]} Ra4 {[%clk 0:14:12]} 45. Rb8
{[%clk 0:38:13]} Kf8 {[%clk 0:13:03]} 46. Rd8 {[%clk 0:38:17]} d4+
{[%clk 0:12:12]} 47. Rxd4 {[%clk 0:31:00]} Rxd4 {[%clk 0:12:35]} 48. Kxd4
{[%clk 0:31:25]} Kg7 {[%clk 0:11:29]} 49. Ke5 {[%clk 0:31:35]} Kg6
{[%clk 0:10:20]} 50. Kf4 {[%clk 0:30:34]} h5 {[%clk 0:05:20]} 51. g3
{[%clk 0:30:47]} Bc6 {[%clk 0:05:09]} 52. Ke3 {[%clk 0:30:16]} Kf6
{[%clk 0:05:10]} 53. Kf4 {[%clk 0:30:31]} Bd7 {[%clk 0:04:54]} 54. Ke4
{[%clk 0:29:29]} Kg5 {[%clk 0:04:49]} 55. Kd4 {[%clk 0:28:31]} Bc6
{[%clk 0:04:25]} 56. Ke3 {[%clk 0:28:09]} Bb7 {[%clk 0:04:54]} 57. Kf2
{[%clk 0:26:11]} Kf6 {[%clk 0:04:59]} 58. Kg2 {[%clk 0:26:11]} Ke5
{[%clk 0:04:17]} 59. g4 {[%clk 0:26:03]} hxg4 0-1